000 01124nam a2200337 a 4500
001 52570
003 FlNmELB
005 20241216232414.0
006 m o d |
007 cr cn|||||||||
008 201002r1991 sp |||||s|||||||||||spa d
020 _z9788485498246
035 _a(MiAaPQ)EBC3185461
035 _a(Au-PeEL)EBL3185461
035 _a(CaPaEBR)ebr10352626
035 _a(OCoLC)928932136
040 _aFlNmELB
_bspa
_cFlNmELB
050 4 _aPQ7614
_bM535 1991
080 _a821.134.2(82)
082 0 4 _a860(82)
_222
100 1 _aMenassa, Miguel Oscar.
245 1 3 _aLa patria del poeta
_h[recurso electronico] /
_cMiguel Oscar Menassa.
260 _aMadrid :
_bGrupo Cero,
_c1991.
300 _a124 p.
533 _aRecurso electrónico. Santa Fe, Arg.: e-libro, 2015. Disponible vía World Wide Web. El acceso puede estar limitado para las bibliotecas afiliadas a e-libro.
650 4 _aPsicoanálisis
_xLiteratura.
650 4 _aArgentine literature.
655 4 _aLibros electrónicos.
710 2 _ae-libro, Corp.
856 4 0 _uhttps://elibro.net/ereader/politecnicointernacional/55373
999 _c52570
_d52570